| 000 | 00914nam a2200217Ia 4500 | ||
|---|---|---|---|
| 001 | L871-38094 | ||
| 003 | IT-CnALBA | ||
| 008 | 170116s9999||||xx |||||||||||||| ||und|| | ||
| 040 |
_aIT-CnALBA _cIT-CnALBA |
||
| 041 | _aLATINO | ||
| 100 | _aMARZIALE MARCO VALERIO, POETA SATIRICO | ||
| 245 | 0 | _aT. VAL. MARTIALIS EPIGRAMMATA. | |
| 250 | _a2a ed. | ||
| 260 |
_a ONOXII _bCLARENDONIANUS TYPOGRAPHEUS _c1929 [1° Ed.:1903 - Ed.Ling.Originale: 1903] |
||
| 500 | _aNOTE CRITICHE DI LINDSAY W.M. V RISTAMPE. PREFAZIONE. XIV LIBRI DI EPIGRAMMI DI MARZIALE. INDICE DEGLI EPIGRAMMI. | ||
| 501 | _aSocietà San Paolo EM - Piazza San Paolo, 14 - 12051 ALBA (CN) (non commercial uses only) ® Copyright 2017 | ||
| 520 | _aNOTE CRITICHE DI LINDSAY W.M. V RISTAMPE. PREFAZIONE. XIV LIBRI DI EPIGRAMMI DI MARZIALE. INDICE DEGLI EPIGRAMMI. | ||
| 650 | _aPROSE E POESIA LATINA | ||
| 942 | _cBK | ||
| 957 | _71 | ||
| 999 |
_a42866 _bSI _g Copie: 1 _c296901 _d296901 |
||